Normal view
MARC view
- Aerial photography in forestry.
Entry Topical Term
001 - CONTROL NUMBER
- control field: 20845
003 - CONTROL NUMBER IDENTIFIER
- control field: NUST
005 - DATE AND TIME OF LATEST TRANSACTION
- control field: 20190918102600.0
008 - FIXED-LENGTH DATA ELEMENTS
- fixed length control field: 190918|| aca||aabn | a|a d
040 ## - CATALOGING SOURCE
- Original cataloging agency: NUST
- Transcribing agency: NUST
150 ## - HEADING--TOPICAL TERM
- Topical term or geographic name entry element: Aerial photography in forestry.
670 ## - SOURCE DATA FOUND
- Source citation: Work cat.: (NUST)0: Avery, Thomas Eugene. 20844, Forester's guide to aerial photo interpretation, 1969.
